[Event "Ile et Vilaine-ch"]
[Site "Ile et Vilaine"]
[Date "2003.05.25"]
[Round "5"]
[White "Manzano, Pascal"]
[Black "Le Guillerm, Bruno"]
[Result "0-1"]
[WhiteElo "1480"]
[BlackElo "1470"]
[PlyCount "58"]
[EventDate "2002.10.19"]
[EventType "swiss"]
[EventRounds "7"]
[EventCountry "FRA"]
[SourceTitle "EXT 2008"]
[Source "ChessBase"]
[SourceDate "2007.11.25"]
[SourceVersion "1"]
[SourceVersionDate "2007.11.25"]
[SourceQuality "1"]

1. e4 c5 2. Nf3 d6 3. Nc3 Nc6 4. d4 cxd4 5. Nxd4 Nf6 6. Nxc6 bxc6 7. Bd3 Qc7 8. 0-0 e6 9. f4 Be7 10. f5 d5 11. exd5 cxd5 12. Qf3 0-0 13. Bd2 Bb7 14. Qg3 Bd6 15. Bf4 Bxf4 16. Qxf4 e5 17. Qg3 Qc5+ 18. Rf2 e4 19. Bf1 e3 20. Re2 d4 21. Na4 Qxf5 22. Ree1 Qxc2 23. b3 Rfe8 24. Re2 Qf5 25. Rc1 Rac8 26. Rxc8 Qxc8 27. Re1 Qc2 28. Qh4 d3 29. Bxd3 Qxg2# 0-1

[Event "FRA-chT4 0203"]
[Site "Bretagne"]
[Date "2003.01.19"]
[Round "4"]
[White "Le Guillerm, Bruno"]
[Black "Loizil, Joel"]
[Result "1-0"]
[WhiteElo "1470"]
[BlackElo "1710"]
[PlyCount "59"]
[EventDate "2002.10.??"]
[EventType "team"]
[EventRounds "7"]
[EventCountry "FRA"]
[SourceTitle "EXT 2007"]
[Source "ChessBase"]
[SourceDate "2006.11.23"]
[SourceVersion "1"]
[SourceVersionDate "2006.11.23"]
[SourceQuality "1"]

1. e4 e5 2. Nf3 Nc6 3. d4 exd4 4. Nxd4 Nf6 5. Nxc6 bxc6 6. e5 Nd5 7. c4 Nb6 8. Nc3 Be7 9. Be2 0-0 10. 0-0 d5 11. b3 Be6 12. Bf3 Qd7 13. Qe2 a5 14. a4 Rfd8 15. Rd1 Rab8 16. Be3 Bb4 17. Na2 Qe7 18. c5 Nd7 19. Nxb4 Rxb4 20. Bd2 Rxb3 21. Bxa5 Nxc5 22. Qc2 Rbb8 23. Rdb1 Nb7 24. Bb4 c5 25. Bd2 c4 26. a5 Rdc8 27. a6 Nd8 28. a7 Rxb1+ 29. Qxb1 Ra8 30. Qb8 1-0